|
|
|
|
| LEADER |
00830cam a2200217 a 4500 |
| 005 |
20131227150649.0 |
| 008 |
080922s2008 nyu 000 d eng |
| 020 |
|
|
|a 9780199536696 (pbk.)
|
| 082 |
|
|
|a 822 CHE
|
| 100 |
1 |
|
|a Chekhov, Anton Pavlovich,
|d 1860-1904.
|
| 240 |
1 |
0 |
|a Plays.
|l English
|
| 245 |
1 |
0 |
|a Five plays /
|c Anton Chekhov ; translated and with an introduction by Ronald Hingley.
|
| 260 |
|
|
|a New York :
|b Oxford University Press,
|c 2008.
|
| 300 |
|
|
|a xxxi, 294p.
|
| 600 |
1 |
0 |
|a Chekhov, Anton Pavlovich,
|d 1860-1904
|v Translations into English.
|
| 650 |
|
|
|a Plays
|
| 650 |
|
|
|a Drama
|
| 700 |
1 |
|
|a Hingley, Ronald.
|
| 942 |
|
|
|2 ddc
|c BK
|
| 999 |
|
|
|c 4836
|d 4836
|
| 952 |
|
|
|0 0
|1 0
|2 ddc
|4 0
|6 822_000000000000000_CHE
|7 0
|9 6811
|a MAIN
|b MAIN
|d 2013-12-27
|e Poorna Publications
|g 245.00
|l 1
|o 822 CHE
|p 6987
|r 2017-05-05
|s 2017-02-22
|t 1
|w 2013-12-27
|y BK
|